| 000 | 00527nam a2200205Ia 4500 | ||
|---|---|---|---|
| 005 | 20250326142438.0 | ||
| 008 | 250326s9999 xx 000 0 und d | ||
| 020 | _a0-201-76733-3 | ||
| 037 | _aTextbook | ||
| 040 |
_aFMSL _beng _cFMSL |
||
| 041 |
_aeng _2eng |
||
| 084 |
_aX:74.1 N8;2 _qFMSL |
||
| 100 |
_aDaniels J P _9746071 |
||
| 245 | 0 |
_aInternational business _cDaniels J P; Radebaugh |
|
| 250 | _aEd 8 | ||
| 260 | _c1998 | ||
| 300 | _a614p | ||
| 942 |
_cTB _hX:74.1 N8;2 |
||
| 999 |
_c1295061 _d1295061 |
||